000 01104nam0a2200277 4500
001 RU\NLR\ONL1\3124
005 20260406072329.0
035 _a(NLR Aleph) 009631877
090 _a9498814
_c9498814
100 _a20040518d1964 |||y0rusy50 ca
101 0 _achm
102 _aRU
105 _aa |||||||||
200 1 _aШий он|гыр
_fНиколай Иванович Казаков
_g[Худож. А. П. Крылов]
210 _aЙошкар-Ола
_cКн. лукшо марий изд-во
_d1964
215 _a40 с.
_cил.
_d21
541 1 _aСеребряный колокольчик
_zrus
686 1 _aШ9(2)6=Мар-5
700 1 _4070
_8rus
_cмар. писатель
_7ca
_aКазаков
_bМ.
_f1918-
_gМиклай
_3RU\NLR\auth-onl\7794
_9130154
702 1 _4440
_7ca
_8rus
_aКрылов
_bА. П.
_cхудожник-карикатурист
_f1929-2021
_gАндрей Порфирьевич
_9270423
_3RU\NLR\AUTH\770270479
801 0 _aRU
_bNLR
_c20040518
_gPSBO
852 _aNLR
_bОНЛ
_jМар.л./3-1648
942 _cBOOK
980 _aNB